El guardián entre el centeno
Salvato in:
| Autore principale: | |
|---|---|
| Natura: | Libro |
| Lingua: | spagnolo |
| Pubblicazione: |
Madrid
Alianza
1997
|
| Serie: | El Libro de Bolsillo. Area de Conocimiento: Literatura, 5500
|
| Soggetti: | |
| Tags: |
Aggiungi Tag
Nessun Tag, puoi essere il primo ad aggiungerne!!
|
MARC
| LEADER | 00000nam a2200000 a 4500 | ||
|---|---|---|---|
| 001 | UCM8794 | ||
| 003 | CL-VaPUC | ||
| 008 | 030328e19970000SP |||||||||||||||||spa|d | ||
| 082 | 0 | 4 | |a 813 |b SAL |2 21 |
| 100 | 0 | |a Salinger, Jerome David |e author |9 474992 | |
| 245 | 1 | 3 | |a El guardián entre el centeno |
| 300 | |a 228 p | ||
| 942 | |c BK | ||
| 945 | |d 20030328 00:00:00 |a vberengu | ||
| 260 | |a Madrid |b Alianza |c 1997 | ||
| 650 | 0 | |a Novelas estadounidenses |9 265217 | |
| 650 | 0 | |a Literatura estadounidense |9 317168 | |
| 583 | |a last modification |c 20030328 00:00:00 |k Rodrigo Vera | ||
| 490 | 0 | |a El Libro de Bolsillo. Area de Conocimiento: Literatura, 5500 | |
| 999 | |c 303216 |d 303214 | ||